| 000 | 00660nam a2200229 a 4500 | ||
|---|---|---|---|
| 001 | 3567 | ||
| 003 | CDMR | ||
| 005 | 20151026104202.0 | ||
| 008 | 130130s1995||||||||||||||||||||||||||||d | ||
| 020 | _a8436800141 | ||
| 040 |
_aCDMR _bcat _cCDMR |
||
| 100 | 1 |
_aRomero Rubio, Andrés _9338 |
|
| 245 | 1 | 0 |
_aTeoría general de la información y de la comunicación _cA. Romero Rubio |
| 260 |
_aMadrid _c1995 _bPirámide |
||
| 300 | _a334 p. | ||
| 490 | 0 | _aInformación y Comunicación | |
| 650 | 0 | 4 |
_94470 _aComunicació |
| 650 | 0 | 4 |
_9405 _aMitjans de comunicació de massa |
| 650 | 0 | 4 |
_9382 _aPeriodisme |
| 650 | 0 | 4 |
_91890 _aAgències de notícies |
| 942 |
_cMON _2udc |
||
| 999 |
_c3567 _d3567 |
||